| 000 | 00411nam a22001575i 4500 | ||
|---|---|---|---|
| 005 | 20250901165806.0 | ||
| 008 | 190108s2019 ohu 000 0 eng | ||
| 010 | _a | ||
| 020 | _a9789966345257 | ||
| 050 | _aPR 9369.4 .B75 2009 | ||
| 100 | 1 | _aCollins, Inisher A. | |
| 245 | 1 | 0 |
_aNo more secrets : _c[by] Helen Brian. |
| 260 |
_aNairobi: _bMoran, _c2009 |
||
| 300 |
_a132 pages: _bill.; _c20 cm. |
||
| 942 | _2lcc | ||
| 999 |
_c9300 _d9300 |
||